| 000 | 00798nam a22002417a 4500 | ||
|---|---|---|---|
| 999 |
_c18437 _d18437 |
||
| 003 | AR-CdUCM | ||
| 008 | 190304b ||||| |||| 00| 0 spa d | ||
| 040 |
_aMUNICIPALIDAD PROVINCIAL DEL CUSCO _cBIBLIOTECA MUNICIPAL DEL CUSCO |
||
| 041 | _hfre | ||
| 082 |
_a333.7 / _bG36 |
||
| 100 |
_aGeorge, Pierre _97618 |
||
| 245 | _aEl medio ambiente / | ||
| 260 |
_aBarcelona : _bOikos-tau, _c1972. |
||
| 300 |
_a122 páginas ; _c18 cm. |
||
| 440 |
_a¿qué sé? _n75 _939027 |
||
| 505 | _aContenido: El suelo -- La atmósfera y las aguas -- El medio ambiente de las sociedades rurales tradicionales... | ||
| 650 |
_aElementos del suelo _939028 |
||
| 650 |
_aRitmos estacionales _939029 |
||
| 650 |
_aAlimentacion _919429 |
||
| 700 |
_aGiralt pont, A. _921818 |
||
| 942 |
_2ddc _cLIBROS |
||
| 945 | _arcc | ||